| 000 | 00746nam a22002295a 4500 | ||
|---|---|---|---|
| 005 | 20201128024254.0 | ||
| 008 | 180311t1999 gw a frb 000 0 eng d | ||
| 020 | _a9783540654636 | ||
| 020 | _a14310066 | ||
| 040 |
_aEG-ScBUE _beng _cEG-ScBUE _dEG-ScBUE |
||
| 082 | 0 | 4 |
_222 _a005.115 _bAPT |
| 245 | 0 | 4 |
_aThe Logic programming paradigm : _ba 25-year perspective / _ceditor K. R. Apt ... [et al.] |
| 260 |
_aBerlin : _bSpringer, _cc.1999. |
||
| 300 |
_axvi, 456 p. : _bill. ; _c24 cm. |
||
| 490 | 0 | _aArtificial intelligence | |
| 504 | _aIncludes bibliographical references. | ||
| 650 | 7 |
_2BUEsh _92921 _aLogic programming. |
|
| 651 | _2BUEsh | ||
| 653 |
_bGGEN _bCOMSCI _cMarch2018 |
||
| 700 | 1 |
_aApt, Krzysztof R., _d1949- _eeditor. |
|
| 942 | _2ddc | ||
| 999 |
_c26268 _d26240 |
||